000 00433nam a22001457a 4500
999 _c13012
_d13012
008 190206b ||||| |||| 00| 0 eng d
020 _a9715423590
082 _22002
_aDFil 899.2111
_bAb1
100 _aAbad, Gemino H.
_936686
245 _aThe second wife/
_cGemino H. Abad.
260 _aQuezon City:
_bUP Press,
_c©2002
300 _aviii, page 39;
_c 20 cm.
650 _aPhilippine poetry (English).
_936687
942 _2ddc
_cDFIL